[Event "Rome Accademia Inverno op"]
[Site "Rome"]
[Date "2011.02.13"]
[Round "5"]
[White "Angelastro, Ariel Francisco"]
[Black "Radatti, Michele"]
[Result "1-0"]
[WhiteElo "1644"]
[BlackElo "1446"]
[PlyCount "52"]
[EventDate "2011.02.11"]
[EventType "swiss"]
[EventRounds "5"]
[EventCountry "ITA"]
[SourceTitle "EXT 2023"]
[Source "ChessBase"]
[SourceDate "2022.10.05"]
[SourceVersion "1"]
[SourceVersionDate "2022.10.05"]
[SourceQuality "1"]

1. d4 Nf6 2. c4 g6 3. Nc3 d5 4. Nf3 c6 5. e3 Bg4 6. h3 Bxf3 7. Qxf3 Bg7 8. Bd3 0-0 9. 0-0 Nbd7 10. Bd2 e5 11. cxd5 cxd5 12. Nxd5 e4 13. Nxf6+ Nxf6 14. Bxe4 Nxe4 15. Qxe4 Re8 16. Qd3 Qd7 17. Rac1 Re5 18. e4 Rae8 19. f3 Rh5 20. Bc3 Bh6 21. d5 Bxc1 22. Qd4 Rhe5 23. Rxc1 g5 24. Rf1 f6 25. f4 Rxe4 26. Qxf6 Qg7 1-0

[Event "Assisi op-B 5th"]
[Site "Assisi"]
[Date "2010.12.18"]
[Round "3"]
[White "Radatti, Michele"]
[Black "Schintu, Enrico"]
[Result "1-0"]
[WhiteElo "1449"]
[BlackElo "1700"]
[PlyCount "95"]
[EventDate "2010.12.17"]
[EventType "swiss"]
[EventRounds "5"]
[EventCountry "ITA"]
[SourceTitle "EXT 2024"]
[Source "ChessBase"]
[SourceDate "2023.10.10"]
[SourceVersion "1"]
[SourceVersionDate "2023.10.10"]
[SourceQuality "1"]

1. e4 c5 2. Nf3 d6 3. d4 cxd4 4. Nxd4 Nc6 5. Bb5 Qb6 6. Be3 Qa5+ 7. Nc3 Bd7 8. 0-0 Nf6 9. h3 Nxd4 10. Bxd7+ Nxd7 11. Qxd4 e5 12. Qd5 Qxd5 13. Nxd5 Kd8 14. c4 Be7 15. b4 b6 16. a4 Nf6 17. Nc3 Kd7 18. a5 bxa5 19. Rxa5 Rhc8 20. c5 dxc5 21. bxc5 Ke8 22. Rc1 Rc6 23. f3 Bf8 24. Ra4 a5 25. Nd5 Rac8 26. Nxf6+ gxf6 27. Rb1 Ke7 28. g4 Ke6 29. Kg2 Ra6 30. Kg3 Be7 31. Rb6+ Rxb6 32. cxb6 Bb4 33. Ra1 Rb8 34. Rc1 a4 35. Bc5 Bxc5 36. Rxc5 Rxb6 37. Ra5 Rb4 38. Ra6+ Ke7 39. Kh4 Kf8 40. Rxf6 Rb1 41. Ra6 Ra1 42. Kg5 Kg7 43. Kf5 a3 44. Kxe5 a2 45. Ra7 Kg6 46. h4 f6+ 47. Kf4 Rh1 48. h5+ 1-0